WARREN BUFFETT AN ILLUSTRATED BIOGRAPHY (Record no. 9529)
[ view plain ]
| 000 -LEADER | |
|---|---|
| fixed length control field | 00331nam a2200121Ia 4500 |
| 008 - FIXED-LENGTH DATA ELEMENTS--GENERAL INFORMATION | |
| fixed length control field | 240624s9999 xx 000 0 und d |
| 041 ## - LANGUAGE CODE | |
| Language code of text/sound track or separate title | eng |
| 082 ## - DEWEY DECIMAL CLASSIFICATION NUMBER | |
| Classification number | 332.622 MOR |
| 100 ## - MAIN ENTRY--PERSONAL NAME | |
| Personal name | MARIO AYANO |
| 245 ## - TITLE STATEMENT | |
| Title | WARREN BUFFETT AN ILLUSTRATED BIOGRAPHY |
| 260 ## - PUBLICATION, DISTRIBUTION, ETC. | |
| Date of publication, distribution, etc. | 2005 |
| Place of publication, distribution, etc. | Singapore |
| Name of publisher, distributor, etc. | John Wiley & Sons |
| 300 ## - PHYSICAL DESCRIPTION | |
| Extent | ix, : 160 : p. : cm. ; 21 |
| Withdrawn status | Lost status | Damaged status | Not for loan | Home library | Current library | Shelving location | Date acquired | Full call number | Barcode | Date last seen | Price effective from | Koha item type |
|---|---|---|---|---|---|---|---|---|---|---|---|---|
| IMTN | IMTN | Rack 10-A | 09/01/2008 | 332.622 MOR | 9529 | 06/24/2024 | 06/24/2024 | Books |